000 00410nam a2200181Ia 4500
005 20250423101430.0
008 250422s9999 xx 000 0 und d
020 _a0-553-09441-6
050 _aPS 3562 .U26S35/
100 _aRobert Ludlum
245 4 _aThe Scorpio Illusion
260 _aNew York
260 _bBantam Books
260 _c1993
300 _a534 p
650 _aLiterature
942 _cBK
999 _c36288
_d36288